00626nam a2200193 a 450000100100000000500170001000800410002702000150006804000250008310000290010824500530013726000400019030000200023049000220025083000290027204900090030195201050031099900170041500003402620200930070719.0110921s1998 es 000 0 spa d a8495272008 aDO-SdBNPbspacBNPHU1 aGutterman, Andrea95947310aMejore su salud con el agua /cAndrea Gutterman. aBarcelona :bFapa Ediciones,c1998. a63 p. ;c23 cm.1 aSalud y naturismo 0aSalud y naturismo926248 aBNPD 001050718MOaGRbGRcCTd2011-09-21iLF1l0o p34026-10r2020-06-25w2020-06-25y1ZNo se presta c33517d33517